000 00735nam a2200241 i 4500
003 DO-SdBNP
005 20241016152700.0
007 ta
008 241016b1992 dr ||||| |||| 00| 0 spa d
040 _aDO-SdBNP
_bspa
_cBNPHU
_erda
082 4 _axxx
_bM425b
_222
100 1 _aMateo, Andrés L.,
_eautor
_4aut.
_965655
245 1 3 _aLa balada de Alfonsina Barian /
_cAndrés L. Mateo
264 4 _aSanto Domingo :
_bEditorial BNPHU,
_c1992.
300 _a123 páginas ;
_c21 cm.
336 _atexto
_btxt
_2rdacontent
337 _asin mediación
_bn
_2rdamedia
338 _avolumen
_bnc
_2rdacarrier
586 _aPremio de Novela Pedro Henríquez Ureña.
590 _aInventariado, 2024/BT
910 _aBtavárez
942 _2ddc
_cLBS1
999 _c57885
_d57885